Logo BPK

Biblioteka

Politechniki Koszalińskiej

Ideas [Intensive discussions a. Exciting Activities Sampler] : Übungsvorschlage und Arbeitsblätter für einen aktiven Englischunterricht. (Rekord nr 5690)

Szczegóły MARC
000 -ETYKIETA REKORDU
podpole kontrolne o stałej długości 00695nam a2200205 i 4500
001 - NUMER KONTROLNY REKORDU
pole kontrolne bg
020 ## - MIĘDZYNARODOWY ZNORMALIZOWANY NUMER KSIĄŻKI - ISBN
ISBN 3559226600
040 ## - ŹRÓDŁO KATALOGOWANIA
Instytucja, która utworzyła rekord BPK
041 ## - KOD JĘZYKA
Kod języka tekstu pol
080 ## - UNIWERSALNA KLASYFIKACJA DZIESIĘTNA - UKD
UKD 802.0
920 ## - Międzynarodowy znormalizowany numer książki – ISBN
ISBN 3-559-22660-0
008 - POLE O STAŁEJ DŁUGOŚCI - DANE KONTROLNE
podpole kontrolne o stałej długości s pl f |000 0 pol
100 1# - NAZWA OSOBOWA
Nazwa osobowa KLIPPEL, Friederike
245 #0 - TYTUŁ/ODPOWIEDZIALNOŚĆ
Tytuł Ideas [Intensive discussions a. Exciting Activities Sampler] : Übungsvorschlage und Arbeitsblätter für einen aktiven Englischunterricht.
Oznaczenie części/sekcji dzieła Tl. 1,
Tytuł części/sekcji dzieła Übungsvorschläge.
Oznaczenie części/sekcji dzieła Tl. 2
Tytuł części/sekcji dzieła Arbeitsblätter /
Pozostałe elementy strefy tytułu i oznaczenia odpowiedzialności von Ffiederike Klippel.
250 ## - STREFA WYDANIA
Oznaczenie wydania [3. Aufl.].
260 ## - STREFA ADRESU WYDAWNICZEGO
Miejsce wydania Dortmund :
Nazwa wydawcy/dystrybutora Verl. Lambert Lensing,
Data publikacji, dystrybucji/powstania dokumentu 1987.
300 ## - STREFA OPISU FIZYCZNEGO
Objętość 72, [50] s.
Inne cechy fizyczne rys.
Rozmiary 30 cm.
504 ## - UWAGA DOTYCZĄCA BIBLIOGRAFII
Informacje o bibliografii Bibliogr. s. 71-72.
856 ## - LOKALIZACJA I DOSTĘP DO ELEKTRONICZNYCH DOKUMENTÓW ZDALNYCH
Link (URL) http://koha.tu.koszalin.pl/cgi-bin/koha/opac-detail.pl?biblionumber=5690
Tekst linku Katalog online BPK
942 ## - DODATKOWE ELEMENTY (KOHA)
Typ dokumentu Książka
Egzemplarze
Wycofany Status egzemplarza Uszkodzony Dostępność Lokalizacja stała Lokalizacja bieżąca Miejsce przechowywania Sygnatura Kod kreskowy Typ dokumentu
      Dostępny Biblioteka Politechniki Koszalińskiej Biblioteka Politechniki Koszalińskiej Wypożyczalnia BG P 45172 02274034 Książka
© 2023 Biblioteka Politechniki Koszalińskiej :: KOHA